| 000 | 00311nam a2200109Ia 4500 | ||
|---|---|---|---|
| 008 | 230320s9999||||xx |||||||||||||| ||spa|| | ||
| 082 | _a658.8/L88 | ||
| 100 | _aLoveloch, Christopher ; Wirtz, Jochen | ||
| 245 | 0 | _aMarketing De Servicios : Personal, TecnologĂa Y Estrategia | |
| 260 | _bPearson | ||
| 942 |
_80 _cLIB |
||
| 999 |
_c46205 _d46205 |
||